logo

Bir Sreshtho Munshi Abdur Rouf Library
Jhenaidah Cadet College

Mental health and human relations in education / (Record no. 7703)

MARC details
000 -LEADER
fixed length control field 00831nam a22002892a 4500
001 - CONTROL NUMBER
JCCL Control Number 7703
003 - CONTROL NUMBER IDENTIFIER
JCCL marc code BD - JhCC
005 - DATE AND TIME OF LATEST TRANSACTION
control field 20200121134008.0
008 - FIXED-LENGTH DATA ELEMENTS--GENERAL INFORMATION
fixed length control field 500101s1959 nyua b 000 0 eng d
035 ## - SYSTEM CONTROL NUMBER
system control number (BD - JhCC)7703
040 ## - CATALOGING SOURCE
Original cataloging agency DLC
Transcribing agency DLC
Modifying agency EQO
-- BD - JhCC
041 ## - LANGUAGE CODE
Language code of Book eng
050 #0 - LIBRARY OF CONGRESS CALL NUMBER
Classification number LB3430
Item number .K2
082 ## - DEWEY DECIMAL CLASSIFICATION NUMBER
Classification number 371.71
Author mark and Year KAP 1959
100 1# - MAIN ENTRY--PERSONAL NAME
Personal name Kaplan, Louis,
Dates associated with a name 1914-
245 00 - TITLE STATEMENT
Title Mental health and human relations in education /
Statement of responsibility, etc Louis Kaplan,
260 ## - PUBLICATION, DISTRIBUTION, ETC. (IMPRINT)
Place of publication, distribution, etc New York :
Name of publisher, distributor, etc Harper,
Date of publication, distribution, etc [1959]
300 ## - PHYSICAL DESCRIPTION
Pagination 476 p.
Other physical details illus.
Dimensions 22 cm
490 1# - SERIES STATEMENT
Series statement Education for living series
504 ## - BIBLIOGRAPHY, ETC. NOTE
Bibliography, etc Includes bibliography
650 #0 - SUBJECT ADDED ENTRY--TOPICAL TERM
Topical term or geographic name as entry element Child mental health
General subdivision Evaluation
650 #0 - SUBJECT ADDED ENTRY--TOPICAL TERM
Topical term or geographic name as entry element Interpersonal relations
650 #0 - SUBJECT ADDED ENTRY--TOPICAL TERM
Topical term or geographic name as entry element Educational counseling
830 #0 - SERIES ADDED ENTRY--UNIFORM TITLE
Uniform title Education for living series
942 ## - ADDED ENTRY ELEMENTS (KOHA)
Source of classification or shelving scheme Dewey Decimal Classification
Koha item type Books
Koha issues (borrowed), all copies 1
Holdings
Source of classification or shelving scheme Damaged status Not for loan Home library Current library Shelving location Total Checkouts Full call number Barcode Date last seen Date checked out Copy number Koha item type
Dewey Decimal Classification     JCC Rouf Library JCC Rouf Library General Stacks 1 371.71 KAP 1959 1034 03/24/2020 01/20/2020 C -1 Books

JCC Library | Contacts | JCC Home

Last Update on 23 September 2017
Copyright @ 2017-2020 JCC Rouf Library
Rouf Library, Jhenidah Cadet College (JCC), Bangladesh